Asian Geography By Letter - A - Statistics

General Stats
  • This quiz has been taken 71,485 times
    24,090 since last reset
  • The average score is 13 of 20
Answer Stats
Clue Answer % Correct
Capital of Turkey Ankara
97%
Official language of 11 different Asian countries Arabic
94%
Baku is the capital of this country Azerbaijan
89%
Country sometimes called "The Graveyard of Empires" Afghanistan
84%
Capital of Jordan Amman
84%
Largest of the United Arab Emirates Abu Dhabi
78%
History's first Christian nation Armenia
77%
Located in Cambodia, it's the world's largest temple Angkor Wat
73%
Current capital of Kazakhstan Astana
72%
City where the Taj Mahal can be found Agra
67%
Turkmenistan's capital Ashgabat
65%
Turkish volcano where some say Noah's ark landed Ararat
59%
Peninsula on which Turkey is situated Anatolia
58%
Inland sea nearly destroyed by Soviet irrigation Aral Sea
58%
Former capital of Kazakhstan Almaty
48%
Island chain of India and Myanmar home to some of the world's last remaining uncontacted people Andaman Islands
41%
City where Gandhi started his Salt March Ahmedabad
40%
River which forms the border of Russia and China Amur River
29%
8000 meter Nepalese mountain named for the Hindu goddess of food Annapurna
25%
The Golden Temple in this city is the holiest site in the Sikh religion Amritsar
22%
No matching quizzes found
Score Distribution
Percent of People with Each Score
Percentile by Number Answered
Your Score History
You have not taken this quiz since the last reset